000 00719nam a2200277Ia 4500
003 OSt
005 20220924114802.0
006 a|||||r|||| 00| 0
007 ta
008 220923b |||||||| |||| 00| 0 ara d
020 _a90
020 _c90.00
024 _a343086
037 _cTextual
040 _aARTS
_cARTS
_bara
041 _2ara
_aara
082 _aQ7:21(P:1), 28K6
100 _aShaheen Abdul Saboor Au.
_9175365
245 0 _aAl-qirat-al-quran
260 _aCairo
_bDar-al-qam Egypt
_c1966
300 _a469p.
_ccm.
650 _a RELIGION
650 _aISLAM
_9577
942 _hQ7:21(P:1), 28K6
_cTEXL
_2CC
999 _c395273
_d395273